000
00314nam a2200109Ia 4500
008
220204s9999 xx 000 0 und d
082
_a
NR:0161978
_b
RRM
245
0
_a
Publications of the Rubber Research Institute of Malaysia for 1978
260
_a
Kuala Lumpur
_b
RRIM
_c
1979
505
_a
RI for ringitt
942
_c
BK
999
_c
34287
_d
34287